| 000 | 01568nam a2200313 i 4500 | ||
|---|---|---|---|
| 001 | 000035933 | ||
| 003 | DO-SdBNP | ||
| 005 | 20240122091743.0 | ||
| 006 | a||||gr|||| 00| 0 | ||
| 007 | ta | ||
| 008 | 111117e1991 dr 000 0 spa d | ||
| 040 |
_aDO-SdBNP _bspa _cBNPHU _erda |
||
| 082 |
_bI59f 1991 _222 |
||
| 100 | 1 |
_aAlmánzar García, José Nicolás _eautor _93006 |
|
| 245 | 0 | 0 |
_a"Análisis, interpretación y aplicación de los Estatutos del P.R.S.C.": _bfolleto para la formación política / _cpor José Nicolás Almánzar García |
| 246 | 0 | 4 |
_aInstituto de Formación Política del Partido Reformista Social Cristiano: _bfolleto para la formación política. |
| 250 | _a3a. edición | ||
| 264 | 1 |
_aSanto Domingo : _bIFP, _c1991. |
|
| 300 |
_a55 páginas ; _c21 cm. |
||
| 336 |
_2rdacontent _atexto _btxt |
||
| 337 |
_2rdamedia _asin mediación _bn |
||
| 338 |
_2rdacarrier _avolumen _bnc |
||
| 500 | _aDespués de la fusión del Partido Revolucionario Social Cristiano (PRSC) con el Partido Reformista (PR), al emblema le fue añadido, debajo del gallo, un machete verde. | ||
| 504 | _aBibliografía : página 61 | ||
| 505 | 0 |
_tDeclaración de principios del PRSC -- _tIntroducción a los fundamentos del Socialcristianismo -- _tPartidos políticos -- _tLa disciplina reformista -- _tSociedades y cuerpos intermedios -- _tEl círculo de estudios -- _tManifiesto politico de los demócratas cristianos |
|
| 590 | _aInventariado 2023 / MF | ||
| 710 | 2 |
_aInstituto de Formación Política del Partido Reformista Social Cristiano _955055 |
|
| 942 |
_2ddc _cLBS1 |
||
| 999 |
_c35424 _d35424 |
||